000 00843nam a22002777a 4500
001 002145093
003 DO-SdBNP
005 20180219150518.0
007 00214509
008 161205b 1987 sp a ||||| |||| 00| 0 spa d
020 _a8430515410
040 _aBPMSU
_bspa
_cBPMSU
082 _axxxx
_bxxxx
100 1 _aVázquez-Vigo, Carmen
245 1 0 _aLas cinco tontilocas /
_cCarmen Vázquez-Vigo ; ilustraciones, Antonio Tello.
250 _a2ª ed.,
260 _aMadrid :
_bSusaeta,
_c1987.
300 _a64 p. :
_bil. ;
_c19 cm.
490 1 _aA toda máquina
_v10
500 _aIncluye datos de la autora en la solapa de la cubierta.
700 1 2 _aTello, Antonio,
_eil.
830 0 _aA toda máquina ;
_v10
942 _2ddc
_cBK
945 _aInventariado, 2018 / BT
956 _2LOPEREZ
_310
_620161205
_8BPMSU
_a00041
999 _c12276
_d12276